[Event "Mecklenburg VP LL2 Ost 0910"]
[Site "Mecklenburg VP"]
[Date "2010.01.24"]
[Round "5.8"]
[White "Frank, Volkmar"]
[Black "Stock, Joachim"]
[Result "1/2-1/2"]
[WhiteElo "1499"]
[BlackElo "1556"]
[PlyCount "66"]
[EventDate "2009.10.18"]
[EventType "team-tourn"]
[EventRounds "9"]
[EventCountry "GER"]
[SourceTitle "EXT 2016"]
[Source "ChessBase"]
[SourceDate "2015.10.08"]
[SourceVersion "1"]
[SourceVersionDate "2015.10.08"]
[SourceQuality "1"]
[WhiteTeam "Pasewalk"]
[BlackTeam "Neubrandenburg SG Eintracht II"]
[WhiteTeamCountry "GER"]
[BlackTeamCountry "GER"]

1. d4 Nf6 2. c4 g6 3. Nc3 Bg7 4. e4 d6 5. f3 0-0 6. Be3 b6 7. Bd3 Ba6 8. Rc1 c5 9. d5 Nbd7 10. b3 Ne5 11. Nge2 Nxd3+ 12. Qxd3 Bc8 13. 0-0 Nd7 14. Qd2 f6 15. f4 f5 16. Ng3 fxe4 17. Ncxe4 Nf6 18. Nxf6+ exf6 19. f5 Bd7 20. Bh6 Rf7 21. Bxg7 Kxg7 22. fxg6 hxg6 23. Qf4 f5 24. Qxd6 Qg5 25. Qf4 Qxf4 26. Rxf4 Re8 27. Kf1 g5 28. Rf2 f4 29. Ne2 Rfe7 30. Ng1 Bf5 31. g3 Bd3+ 32. Kg2 Be4+ 33. Kf1 Bd3+ 1/2-1/2

[Event "Mecklenburg VP LL2 Ost 0809"]
[Site "Mecklenburg VP"]
[Date "2009.02.01"]
[Round "6.8"]
[White "Frank, Volkmar"]
[Black "Modrow, Hartmut"]
[Result "1/2-1/2"]
[WhiteElo "1465"]
[BlackElo "1707"]
[PlyCount "60"]
[EventDate "2008.09.28"]
[EventType "team-tourn"]
[EventRounds "9"]
[EventCountry "GER"]
[SourceTitle "EXT 2022"]
[Source "ChessBase"]
[SourceDate "2021.10.06"]
[SourceVersion "1"]
[SourceVersionDate "2021.10.06"]
[SourceQuality "1"]
[WhiteTeam "Pasewalk"]
[BlackTeam "Rostock SSC 07 III"]
[WhiteTeamCountry "GER"]
[BlackTeamCountry "GER"]

1. d4 Nf6 2. c4 e6 3. Nc3 Bb4 4. Qc2 c5 5. dxc5 Bxc5 6. Nf3 Nc6 7. Bg5 h6 8. Bd2 b6 9. e3 Bb7 10. Be2 a5 11. a3 0-0 12. 0-0 Rc8 13. Rad1 Qc7 14. Nb5 Qb8 15. Bc3 Rfd8 16. Rd2 Na7 17. Nxa7 Qxa7 18. Be5 d6 19. Bg3 Ne4 20. Rdd1 Nxg3 21. hxg3 d5 22. Qb1 Qa8 23. Rd2 Be7 24. cxd5 Rxd5 25. Rfd1 Bf6 26. Ne1 Rdc5 27. Bf3 Bxf3 28. Nxf3 Qc6 29. Rd6 Qc7 30. Rd7 Qc6 1/2-1/2

[Event "Mecklenburg VP LL2 Ost 0809"]
[Site "Mecklenburg VP"]
[Date "2008.10.26"]
[Round "2.8"]
[White "Frank, Volkmar"]
[Black "Stoevesand, Peter"]
[Result "1/2-1/2"]
[WhiteElo "1465"]
[BlackElo "1449"]
[PlyCount "61"]
[EventDate "2008.09.28"]
[EventType "team-tourn"]
[EventRounds "9"]
[EventCountry "GER"]
[SourceTitle "EXT 2022"]
[Source "ChessBase"]
[SourceDate "2021.10.06"]
[SourceVersion "1"]
[SourceVersionDate "2021.10.06"]
[SourceQuality "1"]
[WhiteTeam "Pasewalk"]
[BlackTeam "Neubrandenburg SG Eintracht II"]
[WhiteTeamCountry "GER"]
[BlackTeamCountry "GER"]

1. b4 d5 2. Bb2 Nf6 3. e3 Bf5 4. Nf3 Nbd7 5. c4 e6 6. a3 c5 7. bxc5 Bxc5 8. d4 Be7 9. Bd3 Bg6 10. 0-0 0-0 11. Nc3 Rc8 12. cxd5 exd5 13. Bxg6 fxg6 14. Qb3 Nb6 15. Ne5 Bd6 16. Rfd1 Kh8 17. e4 Nxe4 18. Nxe4 Bxe5 19. dxe5 Qh4 20. Ng3 Rc4 21. Rf1 Qe7 22. Rad1 Rd8 23. Rd3 Qc5 24. Re1 Na4 25. Ne4 Qa5 26. Nd2 Nc5 27. Rxd5 Rxd5 28. Qxc4 Qxd2 29. Bc3 Qd3 30. Qxd3 Rxd3 31. Bb4 1/2-1/2

[Event "Mecklenburg VP LL2 Ost 0708"]
[Site "Mecklenburg VP"]
[Date "2008.01.20"]
[Round "5.8"]
[White "Micheel, Peter"]
[Black "Frank, Volkmar"]
[Result "1-0"]
[WhiteElo "1806"]
[BlackElo "1474"]
[PlyCount "41"]
[EventDate "2007.10.21"]
[EventType "team-tourn"]
[EventRounds "9"]
[EventCountry "GER"]
[SourceTitle "EXT 2016"]
[Source "ChessBase"]
[SourceDate "2015.10.08"]
[SourceVersion "1"]
[SourceVersionDate "2015.10.08"]
[SourceQuality "1"]
[WhiteTeam "Warnemuende SF Ostsee II"]
[BlackTeam "Pasewalk"]
[WhiteTeamCountry "GER"]
[BlackTeamCountry "GER"]

1. e4 e5 2. Nf3 Nf6 3. Nxe5 d6 4. Nf3 Nxe4 5. Nc3 Nxc3 6. dxc3 Be7 7. Be3 0-0 8. Qd2 Be6 9. Nd4 Nc6 10. Nxe6 fxe6 11. 0-0-0 a6 12. Be2 Rb8 13. h4 b5 14. h5 b4 15. c4 a5 16. g4 a4 17. g5 b3 18. cxb3 axb3 19. a3 Qc8 20. g6 h6 21. Bxh6 1-0

[Event "Mecklenburg VP LL1 0506"]
[Site "Mecklenburg VP"]
[Date "2005.12.11"]
[Round "4.8"]
[White "Netzband, Justus"]
[Black "Frank, Volkmar"]
[Result "1/2-1/2"]
[WhiteElo "1519"]
[BlackElo "1470"]
[PlyCount "32"]
[EventDate "2005.10.23"]
[EventType "team"]
[EventRounds "9"]
[EventCountry "GER"]
[SourceTitle "EXT 2008"]
[Source "ChessBase"]
[SourceDate "2007.11.25"]
[SourceVersion "1"]
[SourceVersionDate "2007.11.25"]
[SourceQuality "1"]
[WhiteTeam "Torgelow II"]
[BlackTeam "Pasewalk"]
[WhiteTeamCountry "GER"]
[BlackTeamCountry "GER"]

1. e4 e6 2. Qe2 Bc5 3. Nf3 Nc6 4. c3 e5 5. g3 Nf6 6. Bg2 0-0 7. 0-0 d6 8. d3 Bg4 9. Be3 Bb6 10. Nbd2 Qd7 11. Nc4 Bxe3 12. Qxe3 Bh3 13. Nh4 Bxg2 14. Kxg2 Ng4 15. Qe2 Nh6 16. f4 exf4 1/2-1/2

[Event "Mecklenburg VP LL1 0506"]
[Site "Mecklenburg VP"]
[Date "2005.11.13"]
[Round "2.8"]
[White "Sass, Ralf"]
[Black "Frank, Volkmar"]
[Result "1/2-1/2"]
[WhiteElo "1511"]
[BlackElo "1470"]
[PlyCount "36"]
[EventDate "2005.10.23"]
[EventType "team"]
[EventRounds "9"]
[EventCountry "GER"]
[SourceTitle "EXT 2008"]
[Source "ChessBase"]
[SourceDate "2007.11.25"]
[SourceVersion "1"]
[SourceVersionDate "2007.11.25"]
[SourceQuality "1"]
[WhiteTeam "Pasewalk"]
[BlackTeam "Wolgast Motor"]
[WhiteTeamCountry "GER"]
[BlackTeamCountry "GER"]

1. e4 e6 2. d4 d5 3. exd5 exd5 4. Nc3 Bb4 5. Bd2 Ne7 6. Bd3 0-0 7. Nge2 Bf5 8. Be3 Re8 9. 0-0 c6 10. Qd2 Nd7 11. a3 Bd6 12. Bg5 Bxd3 13. Qxd3 Qc7 14. Ng3 h6 15. Bd2 Ng6 16. Rfe1 Nf6 17. h3 Bxg3 18. fxg3 Qd7 1/2-1/2

[Event "Mecklenburg VP LL1 0506"]
[Site "Mecklenburg VP"]
[Date "2005.10.23"]
[Round "1.8"]
[White "Schulz, Otto"]
[Black "Frank, Volkmar"]
[Result "1/2-1/2"]
[WhiteElo "1573"]
[BlackElo "1470"]
[PlyCount "34"]
[EventDate "2005.10.23"]
[EventType "team"]
[EventRounds "9"]
[EventCountry "GER"]
[SourceTitle "EXT 2008"]
[Source "ChessBase"]
[SourceDate "2007.11.25"]
[SourceVersion "1"]
[SourceVersionDate "2007.11.25"]
[SourceQuality "1"]
[WhiteTeam "Neubrandenburg SG Eintracht II"]
[BlackTeam "Pasewalk"]
[WhiteTeamCountry "GER"]
[BlackTeamCountry "GER"]

1. d4 e6 2. e4 d5 3. exd5 exd5 4. Nf3 Nf6 5. Bg5 Be7 6. Be2 0-0 7. Nbd2 Bg4 8. 0-0 Nbd7 9. Re1 c6 10. h3 Bh5 11. Nh2 Bxe2 12. Qxe2 Re8 13. Qd3 h6 14. Bh4 Qc7 15. Re3 Bd6 16. Bg3 Rxe3 17. Qxe3 Re8 1/2-1/2

[Event "Mecklenburg VP LL2 Ost 0001"]
[Site "Mecklenburg VP"]
[Date "2001.04.29"]
[Round "9.8"]
[White "Schallock, Manja"]
[Black "Frank, Volkmar"]
[Result "1/2-1/2"]
[WhiteElo "1266"]
[BlackElo "1449"]
[PlyCount "26"]
[EventDate "2000.10.15"]
[EventType "team-tourn"]
[EventRounds "9"]
[EventCountry "GER"]
[SourceTitle "EXT 2016"]
[Source "ChessBase"]
[SourceDate "2015.10.08"]
[SourceVersion "1"]
[SourceVersionDate "2015.10.08"]
[SourceQuality "1"]
[WhiteTeam "Guestrow Post II"]
[BlackTeam "Pasewalk"]
[WhiteTeamCountry "GER"]
[BlackTeamCountry "GER"]

1. c4 e5 2. Nc3 f5 3. d3 Nf6 4. g3 Be7 5. Bg2 0-0 6. Nf3 d6 7. 0-0 Nc6 8. a3 a6 9. b4 Qe8 10. e3 Bd7 11. Qb3 Nd8 12. Rb1 Rb8 13. Bd2 b5 1/2-1/2

[Event "Mecklenburg VP LL2 Ost 0001"]
[Site "Mecklenburg VP"]
[Date "2001.01.28"]
[Round "5.8"]
[White "Patrias, Joachim"]
[Black "Frank, Volkmar"]
[Result "0-1"]
[WhiteElo "1696"]
[BlackElo "1449"]
[PlyCount "104"]
[EventDate "2000.10.15"]
[EventType "team-tourn"]
[EventRounds "9"]
[EventCountry "GER"]
[SourceTitle "EXT 2016"]
[Source "ChessBase"]
[SourceDate "2015.10.08"]
[SourceVersion "1"]
[SourceVersionDate "2015.10.08"]
[SourceQuality "1"]
[WhiteTeam "Warnemuende SF Ostsee II"]
[BlackTeam "Pasewalk"]
[WhiteTeamCountry "GER"]
[BlackTeamCountry "GER"]

1. e4 d5 2. exd5 Qxd5 3. Nc3 Qa5 4. d4 Bf5 5. Bc4 e6 6. Nf3 Nf6 7. Bd2 c6 8. Nd5 Qd8 9. Nxf6+ Qxf6 10. Bb3 Bd6 11. h3 Nd7 12. Qe2 0-0 13. 0-0-0 h6 14. g4 Bh7 15. g5 Qf5 16. gxh6 Bf4 17. hxg7 Bxd2+ 18. Nxd2 Rfd8 19. f3 a5 20. Ne4 Qf4+ 21. Kb1 b5 22. c3 c5 23. Bc2 cxd4 24. Rxd4 Ne5 25. Rhd1 Rxd4 26. Rxd4 Nxf3 27. Nf6+ Qxf6 28. Bxh7+ Kxg7 29. Be4 Nxd4 30. Qg2+ Kf8 31. Bxa8 Nf5 32. Qf3 Qe5 33. Be4 Nd6 34. Bc2 Qe1+ 35. Qd1 Qxd1+ 36. Bxd1 f5 37. Be2 e5 38. Kc2 e4 39. b3 f4 40. Kd2 f3 41. Bf1 Ke7 42. c4 bxc4 43. bxc4 Nf5 44. a4 Kd6 45. Kc3 Kc5 46. h4 Nxh4 47. Kd2 Ng2 48. Kc3 Ne3 49. Bh3 f2 50. Kd2 f1Q 51. Bxf1 Nxf1+ 52. Ke1 Ng3 0-1